| 000 | | | 04493cbc2a2200253 x 450 |
| 001 | | | 3085ee95-4235-4ae9-9e48-b7090e57fe4c |
| 005 | | | 20171103101327.0 |
| 100 | ## | $a | 20150929l19191919k y0rusy50 ca |
| 101 | 0# | $a | ger |
| 102 | ## | $a | RU |
| 105 | ## | $a | y z ||||| |
| 122 | 0# | $a | d19191105 |
| 200 | 1# | $a | Воззвание без подписи из Берлина в связи с 2 годовщиной Октябрьской революции |
| | $j | 5 ноября 1919 |
| 215 | ## | $a | 1 лист |
| 251 | ## | $c | Дело |
| 300 | ## | $a | На немецком языке |
| 300 | ## | $a | Рукописный текст |
| 330 | ## | $a | Входит в раздел описи: XIII. Бюро коллектива сотрудников СНК. б/ Протоколы Малого Совета Народных Комиссаров. 1919 год |
| 461 | #0 | $1 | 001ad6baeac-e292-4829-90d1-2f4f65796a62 |
| | $1 | 2001 |
| | $a | СОВЕТ НАРОДНЫХ КОМИССАРОВ РСФСР (СНК РСФСР) |
| | $1 | 251 |
| | $c | Фонд |
| | $1 | 852 |
| | $g | Р |
| | $j | 130 |
| 462 | #0 | $1 | 001b67950a2-451c-4959-b990-a53e352adcaa |
| | $1 | 2001 |
| | $a | 1919 год |
| | $v | Д. 1083 |
| | $1 | 251 |
| | $c | Опись |
| | $1 | 852 |
| | $j | 3 |
| 801 | #0 | $a | RU |
| | $b | GA_RF |
| 801 | #1 | $a | RU |
| | $b | НПО Опыт |
| | $c | 20150929 |
| | $2 | rusmarc |
| 801 | #2 | $a | RU |
| | $b | ПБ им. Б.Н. Ельцина |
| | $c | 20160324 |
| | $g | RCR |
| | $2 | rusmarc |
| 852 | ## | $a | ГА РФ |
| | $j | 1083 |
| 937 | ## | $d | 68955570 |
| | $h | ПБ |
| 035 | ## | $a | RuPRLIB51033007 |
| 686 | ## | $2 | rubbk |
| | $a | 63.3(2)612ю1 |
| | $v | LBC/M |
| 606 | 1# | $2 | prlib_sh |
| | $3 | LIBNET\UAF\0000069443 |
| | $a | Великая Октябрьская социалистическая революция |
| | $j | Документы и материалы |
| | $x | Годовщины |
| | $z | 1917 |
| | $z | 1919 |
| 605 | ## | $2 | acquisition_Prlib |
| | $3 | DITM\AF\0000002775 |
| | $a | Власть |
| | $l | коллекция |
| 605 | ## | $a | Народ |
| | $l | коллекция |
| | $2 | acquisition_Prlib |
| | $3 | DITM\AF\0000003834 |
| 605 | ## | $a | 1917: февраль - октябрь |
| | $l | коллекция |
| | $2 | acquisition_Prlib |
| | $3 | LIBNET\UAF\0000064780 |